000 00239nam a2200109 4500
082 _a954.91ALI
100 _aAli Ahmed
245 _aThe Temple Sun of God
260 _aLahore:
_bSangam Publications,
_c1998.
300 _a190p. ;
942 _cBK
999 _c8557
_d8557